000 00427nam a2200145Ia 4500
005 20250508151453.0
008 008 250505s9999 xx 000 0 eng d
037 _aTextual
040 _aFEDL
_beng
_cFEDL
041 _aeng
_2eng
084 _a372.35982, PIC
_qFEDL
245 0 _aOf birds letters stand for A. male, B. Female, C. Young, D. Egg
942 _cTEXL
_h372.35982, PIC
999 _c1330013
_d1330013